000 00332nam a22001457a 4500
008 221205b ||||| |||| 00| 0 eng d
020 _a9780321968999
041 _aeng
080 _a611
082 _a611SAR
100 _a11
101 _aANATO
245 _aVISUAL ANATOMY PHYSIOLOGU LAB MANUAL
_cSARIKAS N S
942 _2udc
_cBK
999 _c59084
_d59084